[Event "AUTO-INT-2949"]
[Site "http://www.queenalice.com/game.php?id=1337008"]
[Date "2015.1.25"]
[Round "1"]
[White "HugosPaynos"]
[Black "NeeneNY"]
[Result "1-0"]
[WhiteElo "1397"]
[BlackElo "1501"]

1. Nf3 d6 2. d4 Nf6 3. h3 e6 4. Bg5 Be7 5. e3 O-O 6. c4 Nc6 7. Bd3 d5 8. cxd5
exd5 9. O-O Ne4 10. Bxe7 Qxe7 11. a3 Bd7 12. Qc2 a6 13. Nc3 Be6 14. Nxe4 dxe4
15. Bxe4 Qd7 16. Rfc1 Bd5 17. Bxh7+ Kh8 18. Be4 Be6 19. Bxc6 Qc8 20. Be4 c6 21.
Qe2 b5 22. Rxc6 Qd7 23. Rxe6 Qxe6 24. Bxa8 Rxa8 25. Rc1 Qa2 26. Ne5 f6 27. Ng6+
Kh7 28. Qh5+ Kg8 29. Rc7 Qb1+ 30. Kh2 Qxb2 31. Qh8# 1-0

[Event "AUTO-INT-2949"]
[Site "http://www.queenalice.com/game.php?id=1337009"]
[Date "2015.1.25"]
[Round "1"]
[White "NeeneNY"]
[Black "HugosPaynos"]
[Result "0-1"]
[WhiteElo "1461"]
[BlackElo "1450"]

1. e4 e6 2. Nf3 d5 3. e5 c5 4. Bb5+ Bd7 5. Nc3 a6 6. Bxd7+ Qxd7 7. O-O Nc6 8. d4
cxd4 9. Nxd4 Nxe5 10. Re1 Nc6 11. Na4 Bc5 12. Nb6 Bxb6 13. Nxc6 Qxc6 14. Bf4 Nf6
15. b4 O-O 16. a4 Bc7 17. b5 axb5 18. axb5 Qd7 19. Rb1 Bxf4 20. g3 Bd6 21. Rb3
b6 22. Rd3 Qxb5 23. Kg2 Bc5 24. f3 Rfd8 25. g4 Ra2 26. Kg3 Rda8 27. Re2 Bb4 28.
c3 Bd6+ 29. f4 Ne4+ 30. Kf3 Rxe2 31. Qxe2 Ra3 32. c4 Rxd3+ 33. Qxd3 Qc5 34. g5
Qf2+ 35. Kg4 Qxf4+ 36. Kh3 Nf2+ 37. Kg2 Nxd3 38. g6 Qf2+ 39. Kh1 Qxh2# 0-1

[Event "AUTO-OPEN-3425"]
[Site "http://www.queenalice.com/game.php?id=1337274"]
[Date "2015.1.26"]
[Round "1"]
[White "sia"]
[Black "HugosPaynos"]
[Result "1-0"]
[WhiteElo "2115"]
[BlackElo "1318"]

1. g3 d5 2. Bg2 Nf6 3. d4 e6 4. e3 c5 5. c3 Nc6 6. Nf3 cxd4 7. exd4 Be7 8. O-O
O-O 9. Nbd2 a5 10. a3 b5 11. Qe2 Ba6 12. b3 1-0

[Event "AUTO-OPEN-3425"]
[Site "http://www.queenalice.com/game.php?id=1337275"]
[Date "2015.1.26"]
[Round "1"]
[White "HugosPaynos"]
[Black "sia"]
[Result "0-1"]
[WhiteElo "1272"]
[BlackElo "2076"]

1. Nf3 e6 2. d4 d6 3. g3 Be7 4. Bg2 Nf6 5. O-O O-O 6. e3 Nc6 7. a3 Bd7 8. c4 b6
9. Nc3 Rb8 10. b4 a5 11. b5 Na7 0-1

[Event "AUTO-OPEN-3425"]
[Site "http://www.queenalice.com/game.php?id=1337294"]
[Date "2015.1.26"]
[Round "1"]
[White "chessman"]
[Black "HugosPaynos"]
[Result "1-0"]
[WhiteElo "1967"]
[BlackElo "1466"]

1. e4 e6 2. d4 d5 3. e5 c5 4. c3 Nc6 5. Nf3 Bd7 6. Be2 Nge7 7. O-O Nf5 8. b3
cxd4 9. cxd4 Qb6 10. Be3 Rc8 11. g4 Nxe3 12. fxe3 Be7 13. Nbd2 O-O 14. Rf2 Qd8
15. Nf1 a6 16. Ng3 h6 17. Rc1 f6 18. exf6 Bxf6 19. Nh5 Bg5 20. Nxg5 Qxg5 21.
Rxf8+ Rxf8 22. Nf4 e5 23. dxe5 Qxe5 24. Qxd5+ Qxd5 25. Nxd5 Rc8 26. Rxc6 Rxc6
27. Ne7+ Kf7 28. Nxc6 Bxc6 29. Kf2 g5 30. Bf3 Bxf3 31. Kxf3 Ke6 32. Ke4 b6 33.
h3 a5 34. Kd4 Kd6 35. e4 b5 36. e5+ 1-0

[Event "AUTO-OPEN-3425"]
[Site "http://www.queenalice.com/game.php?id=1337295"]
[Date "2015.1.26"]
[Round "1"]
[White "HugosPaynos"]
[Black "chessman"]
[Result "0-1"]
[WhiteElo "1314"]
[BlackElo "1984"]

1. Nf3 d5 2. d4 e6 3. a3 c5 4. e3 cxd4 5. Nxd4 Nc6 6. Bb5 Nf6 7. Nc3 Bd7 8. O-O
Nxd4 9. Bxd7+ Qxd7 10. Qxd4 Bd6 11. Rd1 a6 12. b4 Rc8 13. Bb2 O-O 14. e4 e5 15.
Qd2 d4 16. Ne2 Nxe4 17. Qd3 Nf6 18. Rac1 Rfd8 19. c4 dxc3 20. Rxc3 e4 21. Qc2
Rxc3 22. Bxc3 Bxh2+ 23. Kxh2 Qxd1 0-1

[Event "AUTO-INT-2950"]
[Site "http://www.queenalice.com/game.php?id=1337335"]
[Date "2015.1.27"]
[Round "1"]
[White "vincenzo"]
[Black "HugosPaynos"]
[Result "1-0"]
[WhiteElo "1674"]
[BlackElo "1367"]

1. d4 d5 2. Bf4 Nf6 3. e3 e6 4. c3 a6 5. Nf3 c5 6. Bd3 c4 7. Be2 b5 8. b3 Bb7 9.
bxc4 bxc4 10. Qa4+ Bc6 11. Qc2 Nbd7 12. Ne5 Qc8 13. Nxc6 Qxc6 14. O-O Bd6 15.
Nd2 Bxf4 16. exf4 O-O 17. Nf3 Ne4 18. Ng5 Nxg5 19. fxg5 g6 20. Rab1 Rfb8 21. f4
Rxb1 22. Qxb1 Rb8 23. Qc2 Rb7 24. h4 a5 25. a4 Rb3 26. Bd1 Rb7 27. h5 Nf8 28. h6
1-0

[Event "AUTO-INT-2950"]
[Site "http://www.queenalice.com/game.php?id=1337336"]
[Date "2015.1.27"]
[Round "1"]
[White "HugosPaynos"]
[Black "vincenzo"]
[Result "0-1"]
[WhiteElo "1355"]
[BlackElo "1667"]

1. Nf3 d5 2. d4 Bf5 3. h3 e6 4. a3 Nc6 5. Bf4 Na5 6. e3 Nf6 7. Nbd2 Ne4 8. b4
Nc4 9. Nxc4 dxc4 10. Bxc4 Bd6 11. O-O O-O 12. Bxd6 cxd6 13. Bd3 d5 14. Rc1 Rc8
15. c4 dxc4 16. Bxc4 Nd6 17. Be2 Ne4 18. Rxc8 Qxc8 19. Qa1 f6 20. Nh4 Nc3 0-1

[Event "AUTO-INT-2950"]
[Site "http://www.queenalice.com/game.php?id=1337353"]
[Date "2015.1.27"]
[Round "1"]
[White "HugosPaynos"]
[Black "altair"]
[Result "0-1"]
[WhiteElo "1301"]
[BlackElo "1734"]

1. Nf3 d6 2. d4 Nc6 3. h3 d5 4. Bf4 a6 5. a3 g6 6. e3 Bg7 7. c4 dxc4 8. Bxc4 Nf6
9. O-O O-O 10. Nc3 b5 11. Be2 Nd5 12. Nxd5 Qxd5 13. b4 Re8 14. Bxc7 f6 15. Bh2
e5 16. dxe5 Qe6 17. exf6 Bxf6 18. Rb1 Ne5 19. Nxe5 Bxe5 20. Bxe5 Qxe5 0-1

[Event "AUTO-INT-2950"]
[Site "http://www.queenalice.com/game.php?id=1337354"]
[Date "2015.1.27"]
[Round "1"]
[White "altair"]
[Black "HugosPaynos"]
[Result "1-0"]
[WhiteElo "1732"]
[BlackElo "1303"]

1. e4 e6 2. e5 d5 3. d4 c5 4. Nf3 cxd4 5. Nxd4 Nc6 6. c3 Nxe5 7. g3 a6 8. Bg2
Bd7 9. O-O Nf6 10. Re1 Nc6 11. Nb3 Be7 12. a3 O-O 13. N1d2 Na5 14. Nf3 Nxb3 15.
Qxb3 Bc6 16. Qc2 Rc8 17. Ne5 Nd7 18. Ng4 Nf6 19. Qe2 Nxg4 20. Qxg4 Bf6 21. Bd2
1-0

[Event "AUTO-INT-2950"]
[Site "http://www.queenalice.com/game.php?id=1337355"]
[Date "2015.1.27"]
[Round "1"]
[White "HugosPaynos"]
[Black "Ruusgugg"]
[Result "1-0"]
[WhiteElo "1365"]
[BlackElo "1505"]

1. Nf3 f5 2. d4 b5 3. a3 a5 4. e3 d5 5. Bxb5+ Nd7 6. Ne5 e6 7. Qh5+ Ke7 8. Nc6+
Kd6 9. Nxd8 g6 10. Qe2 Bg7 11. Nf7+ Ke7 12. Nxh8 Ndf6 13. Nxg6+ hxg6 14. Bd2 Ng4
15. h3 N4f6 16. O-O Nh6 17. c4 dxc4 18. Qxc4 Ne4 19. Qxc7+ Kf6 20. Qd8+ Kf7 21.
Be8+ Kg8 22. Bxg6+ Bf8 23. b4 Bb7 24. Qc7 Ra7 25. Qh7# 1-0

[Event "AUTO-INT-2950"]
[Site "http://www.queenalice.com/game.php?id=1337356"]
[Date "2015.1.27"]
[Round "1"]
[White "Ruusgugg"]
[Black "HugosPaynos"]
[Result "1-0"]
[WhiteElo "1433"]
[BlackElo "1314"]

1. e4 e6 2. Qh5 g6 3. Qe5 f6 4. Qd4 e5 5. Qd5 Ne7 6. Qb3 Nec6 7. Bc4 Qe7 8. Nf3
Na5 9. Qc3 Nxc4 10. Qxc4 Nc6 11. O-O d6 12. Qe2 a6 13. d3 f5 14. Bg5 Qf7 15. c4
Be7 16. Bxe7 Qxe7 17. exf5 Bxf5 18. Nc3 O-O-O 19. Nd5 Qg7 20. b4 Nd4 21. Nxd4
exd4 22. Qc2 Rhe8 23. c5 dxc5 24. Qxc5 b6 25. Qxc7+ Qxc7 26. Nxc7 Kxc7 27. Rac1+
Kb7 28. Rfd1 Rc8 29. Rb1 b5 30. f3 Rc3 31. a4 1-0

[Event "HugosPaynos"]
[Site "http://www.queenalice.com/game.php?id=1339810"]
[Date "2015.2.6"]
[Round "2"]
[White "Janivgm"]
[Black "HugosPaynos"]
[Result "1-0"]
[WhiteElo "1890"]
[BlackElo "1369"]

1. d4 d5 2. c4 e6 3. cxd5 exd5 4. Nc3 Nf6 5. Nf3 Be7 6. Bf4 c6 7. g3 h6 8. Bg2
Bf5 9. O-O O-O 10. Ne5 Nbd7 11. a3 Nxe5 12. Bxe5 Bd6 13. Re1 Nd7 14. Bxd6 1-0